01482nlm0 22002051i 450 001001300000006001900013007001500032008004100047020001800088040000800106100005200114245003600166260001200202260002200214300001000236520076100246856009301007856009601100856008001196HARMA 223299m g0 d cr mn ---auama260602c go d fre  a9782336592596 bfre0 aEnagnon S. Alexis Mongbo, Dibocor Philippe Ngom aÀ l’intérieur, la lumière aParis : bHarmattan Sénégal a90 p. aEt si la lumière ne venait pas d’ailleurs, mais du cœur même de nos ténèbres ?<br>Ce recueil fervent, porté par la foi, nous conduit au plus intime de l’âme : là où les mots se taisent, où le silence devient prière, où Dieu murmure encore lorsque tout vacille.<br>Poèmes de nuit et d’espérance, d’effondrement et de relèvement, <em>À l’intérieur, la lumière</em> dessine un chemin fragile mais obstiné : celui d’une espérance qui n’ignore ni le doute ni la fatigue, mais les traverse avec douceur et vérité.<br>Page après page, une voix se lève, non pour briller, mais pour éclairer. Non pour convaincre, mais pour toucher. Pour dire à celui qui vacille : tu n’es pas seul.40uhttps://www.editions-harmattan.fr/catalogue/couv/9782336592596r.jpg2Image de couverture40uhttps://www.harmatheque.com/downloadebook/97823365925962Télécharger le livre au format PDF40uhttps://www.harmatheque.com/readebook/97823365925962Lire ce livre en ligne